000
00274nam a2200097Ia 4500
082
_a
ST 822.33 KING
245
0
_a
King Lear, William Shakespeare
100
_a
WARREN, Rebecca Harlow, 2003 Rev. ed
_9
60760
942
_c
BK
008
210817s9999 xx 000 0 und d
999
_c
190961
_d
190961